000 00673cam a2200229 4500500
005 20260405003411.0
041 _afre
042 _adc
100 1 0 _aSorente, Isabelle
_eauthor
245 0 0 _aMa liberté est-elle négociable ?
260 _c2021.
500 _a27
690 _aGaspard Kœnig
690 _aJoel Feinberg
690 _aJohn Stuart Mill
690 _aLiberté
690 _aLimite
690 _aNégociation
690 _aRaphaël Enthoven
786 0 _nPhilosophie magazine | 154 | 11 | 2021-11-01 | p. 23-24 | 1951-1787
856 4 1 _uhttps://shs.cairn.info/magazine-philosophie-magazine-2021-11-page-23?lang=fr&redirect-ssocas=7080
999 _c2067168
_d2067168